000 00574nam a2200217Ia 4500
003 0100
005 20140206165855.0
008 130303s9999 xx 000 0 und d
020 _a2825413097
040 _cARRUPELIB
050 _aBX6.W77T641998
100 _aWCC
_98379
245 _aTogether on the way
245 _bafficial report of the Eighth Assembly of the World Council of Churches
260 _aGeneva
260 _bWCC Pub.
300 _axiii
300 _b 406p. 22cm.
650 _aEcumenical movement
_xCongresses
_98380
942 _2lcc
_cMONOGRAPH
999 _c7577
_d7577